000
00246nam a2200097Ia 4500
008
190216s9999||||xx |||||||||||||| ||und||
100
_a
Bharathbhooshan Saroj
245
0
_a
Hindi-Mahadevi Aur Adunika Kavi
260
_b
Reegla Book Depo
942
_c
BK
999
_c
17839
_d
17839